Obálka Náhled e-knihy:
PDF Epub
Pro půjčování e-knih musíte být přihlášeni.
Jak si půjčit online?

Svedok vraždy /

Lady Eleanor Swiftová, amatérska detektívka je rozhodnutá dat’ si pauzu od vyšetrovania vrážd. Ked’ na večeri v kaštieli Farrington náhle zomrie miestny politik, snaží sa nepočúvat’ klebety, že bol’ otrávený čokoládovou karamelkou. Je výročie zmiznutia jej rodičov a ona si sl’úbila, že sa už do žiad...

Celý popis

Uloženo v:
Série:Záhady lady Eleanor Swiftovej, část 3
Hlavní autor: Bright, Verity (Autor)
Médium: E-kniha
Jazyk:Czech
Vydáno: Praha : Albatros Media Slovakia s.r.o., 2025
Příbuzné jednotky:Z cyklu:: Záhady lady Eleanor Swiftovej
Tagy:
Žádné tagy
LEADER 01630nam a22002417i 4500
001 302674
007 ta
008 260514s2025 xr ||||| |||| 00| 0 cze d
020 |a 9788056646496 
044 |a xr 
100 1 |a  Bright, Verity  |4 aut 
245 1 0 |a Svedok vraždy /  |c  Bright, Verity 
240 1 0 |a A Witness to Murder 
264 1 |a Praha :  |b Albatros Media Slovakia s.r.o.,  |c 2025 
300 |a 1 online zdroj (296 stran) 
336 |a text  |b txt  |2 rdacontent 
337 |a bez média  |b n  |2 rdamedia 
338 |a online zdroj  |b cr  |2 rdacarrier 
520 2 |a Lady Eleanor Swiftová, amatérska detektívka je rozhodnutá dat’ si pauzu od vyšetrovania vrážd. Ked’ na večeri v kaštieli Farrington náhle zomrie miestny politik, snaží sa nepočúvat’ klebety, že bol’ otrávený čokoládovou karamelkou. Je výročie zmiznutia jej rodičov a ona si sl’úbila, že sa už do žiadnej záhady nezapletie. Po príchode domov však zistí, že láskavú kuchárku z panstva Farrington prepustili bez nároku na mzdu, lebo ju polícia považuje za podozrivú, Eleanor vie, že musí konat’... 
787 0 8 |g 3  |i Z cyklu:  |t Záhady lady Eleanor Swiftovej 
910 |a RBIT002 
998 |d 426928  |a https://core.palmknihy.cz/api/books/426928/cover?tesghq  |b https://core.palmknihy.cz/api/books/426928/cover/400?tesghq  |c https://core.palmknihy.cz/api/books/426928/cover/50?tesghq  |e 2029-04-24  |g 296  |i 9788056646496  |j https://core.palmknihy.cz/api/books/426928/preview.epub  |k https://core.palmknihy.cz/api/books/426928/preview.pdf  |l   |q 49  |r 1  |s https://www.palmknihy.cz/kniha/426928  |t ebook  |y 2025  |z 1  |v Záhady lady Eleanor Swiftovej  |w 3 
999 |d 302672